El imperio de lo efímero / La moda y su destino en las sociedades modernas (Record no. 21516)

MARC details
000 -CABECERA
campo de control de longitud fija 01108nam a2200325 4500
003 - IDENTIFICADOR DEL NÚMERO DE CONTROL
campo de control OSt
005 - FECHA Y HORA DE LA ÚLTIMA TRANSACCIÓN
campo de control 20260601193843.0
008 - DATOS DE LONGITUD FIJA--INFORMACIÓN GENERAL
campo de control de longitud fija 260504b2000 sp ||||| |||| 00| 0 spa d
020 ## - NÚMERO INTERNACIONAL ESTÁNDAR DEL LIBRO
Número Internacional Estándar del Libro 9788433913289
020 ## - NÚMERO INTERNACIONAL ESTÁNDAR DEL LIBRO
Número Internacional Estándar del Libro 843391328X
040 ## - FUENTE DE LA CATALOGACIÓN
Centro catalogador/agencia de origen ICI
Lengua de catalogación spa
Centro/agencia transcriptor ICI
041 ## - CÓDIGO DE LENGUA
Código de lengua del texto/banda sonora o título independiente spa
Código de lengua original fre
050 ## - SIGNATURA TOPOGRÁFICA DE LA BIBLIOTECA DEL CONGRESO
Número de clasificación GT596
Número de documento/Ítem L5618 2004
100 #1 - ENTRADA PRINCIPAL--NOMBRE DE PERSONA
Nombre de persona Lipovetsky, Gilles,
Término indicativo de función/relación autor
9 (RLIN) 31011
240 #1 - TÍTULO UNIFORME
Título uniforme L'empire de l' éphémère.
Lenguaje de la obra Español
245 #1 - MENCIÓN DE TÍTULO
Título El imperio de lo efímero / La moda y su destino en las sociedades modernas
264 ## - PRODUCCIÓN, PUBLICACIÓN, DISTRIBUCIÓN, FABRICACIÓN Y COPYRIGHT
Producción, publicación, distribución, fabricación y copyright Barcelona :
Nombre del de productor, editor, distribuidor, fabricante Editorial Anagrama
Fecha de producción, publicación, distribución, fabricación o copyright 2004
300 ## - DESCRIPCIÓN FÍSICA
Extensión 324 páginas
336 ## - TIPO DE CONTENIDO
Término de tipo de contenido texto
Fuente rdacontent
337 ## - TIPO DE MEDIO
Nombre/término del tipo de medio sin medio
Fuente rdamedia
338 ## - TIPO DE SOPORTE
Nombre/término del tipo de soporte volumen
Fuente rdacarrier
490 #0 - MENCIÓN DE SERIE
Mención de serie Colección compactos ;
500 ## - NOTA GENERAL
Nota general Traducción de: Empire de l'éphèmére : la mode et son destin dans les sociétés modernes
650 #4 - PUNTO DE ACCESO ADICIONAL DE MATERIA--TÉRMINO DE MATERIA
Término de materia o nombre geográfico como elemento de entrada |a Prendas de vestir
Subdivisión general Historia
Subdivisión geográfica Siglo XX
9 (RLIN) 31012
650 #4 - PUNTO DE ACCESO ADICIONAL DE MATERIA--TÉRMINO DE MATERIA
Fuente del encabezamiento o término Moda
Subdivisión general Historia
Subdivisión cronológica Siglo XX
9 (RLIN) 31013
700 #1 - PUNTO DE ACCESO ADICIONAL--NOMBRE DE PERSONA
Nombre de persona |a Hernández, Felipe,
Término indicativo de función/relación traductor
9 (RLIN) 31014
700 #1 - PUNTO DE ACCESO ADICIONAL--NOMBRE DE PERSONA
Nombre de persona López, Carmen,
Término indicativo de función/relación traductor
9 (RLIN) 31015
700 #1 - PUNTO DE ACCESO ADICIONAL--NOMBRE DE PERSONA
Fechas asociadas al nombre 1994
9 (RLIN) 31016
942 ## - ELEMENTOS DE PUNTO DE ACCESO ADICIONAL (KOHA)
Fuente del sistema de clasificación o colocación Library of Congress Classification
Tipo de ítem Koha Libros
Suprimir en OPAC 1
Holdings
Estado de retiro Estado de pérdida Fuente del sistema de clasificación o colocación Estado dañado No para préstamo Localización permanente Ubicación/localización actual Fecha de adquisición Total de préstamos Signatura topográfica completa Código de barras Fecha visto por última vez Número de copia Precio válido a partir de Tipo de ítem Koha
El ejemplar forma parte de la colección y puede ser consultado según las políticas vigentes.   Library of Congress Classification     Biblioteca de Diseño Museo Franz Mayer Biblioteca de Diseño Museo Franz Mayer 04/05/2026   GT596 L5618 2004 BDIMFM000401 04/05/2026 Ej.1 04/05/2026 Libros